000 00650nam a2200241Ia 4500
003 OSt
005 20220924114549.0
006 a|||||r|||| 00| 0
007 ta
008 220923b |||||||| |||| 00| 0 ara d
024 _a336233
037 _cTextual
040 _aARTS
_cARTS
_bara
041 _2ara
_aara
082 _aO28,1x, C0
100 _aShekhu Al-Yasumi Luis Au.
_9174278
245 0 _aShora-al-nafraina
260 _aBeirut
_bMatbuat-al-adba Lebanon
_c1890
300 _a932p.
_ccm.
650 _aARABIC POETRY
942 _hO28,1x, C0
_cTEXL
_2CC
999 _c394226
_d394226